000 00633nam a2200205Ii 4500
003 JO-AjNU
008 230605s9999||||xx |||||||||||||| ||und||
040 _aJO-AjNU
_bara
_erda
_cJO-AjNU
041 _aara
050 1 4 _aBP166.2.K3738 2002
100 3 _aالخطيب، هشام عاطف,
_eauthor
_920598
245 0 0 _aالتوحيد و نواقضه
250 _aط1
264 3 1 _aبيروت: دار الكتب العلمية، 2002
300 _a110ص
336 _atext
_btxt
_2rdacontent
337 _aunmediated
_bn
_2rdamedia
338 _avolume
_bnc
_2rdacarrier
650 4 _aعلم الكلام- الالهيات
_920599
999 _aA7008
_c10576
_d10576